| 000 | 00820nam a2200253 a 4500 | ||
|---|---|---|---|
| 005 | 20180803164825.0 | ||
| 008 | 140221b1998 ck ||||| |||| 00| 0 spa d | ||
| 040 |
_aCO-BoIAVH _cCO-BoIAVH |
||
| 041 | _aspa | ||
| 044 | _ack | ||
| 090 |
_aLB _b00608 |
||
| 110 |
_bColombia. Ministerio del Medio Ambiente _942723 |
||
| 245 |
_aEvaluación del impacto ambiental de las plantaciones forestales industriales _bcomponente flora y fauna |
||
| 260 |
_aBogotá _bEl Ministerio _bCONIF _c1998 |
||
| 300 | _a120 p. | ||
| 650 |
_aImpacto ambiental _942724 |
||
| 650 |
_aPlantaciones forestales _992198 |
||
| 650 |
_aFlora _942726 |
||
| 650 |
_aFauna _942727 |
||
| 650 |
_aIndicadores biológicos _94493 |
||
| 662 | _aColombia | ||
| 710 |
_a^aCorporación Nacional de Investigación y Fomento Forestal _98475 |
||
| 942 |
_cINFORME _2z |
||
| 999 |
_c625 _d625 |
||